Statistics for Songs with Jobs in the Title

Click here to take the quiz!

General Stats

  • This quiz has been taken 30,846 times
    (20,808 since last reset)
  • The average score is 9 of 19

Answer Stats

Artist Song % Correct
Bob MarleyI Shot the {Sheriff}
94%
Michael JacksonSmooth {Criminal}
77%
Elton JohnTiny {Dancer}
76%
Dusty SpringfieldSon of a {Preacher} Man
69%
Bob MarleyBuffalo {Soldier}
69%
Van HalenHot for {Teacher}
64%
TraditionalWhat Shall We Do with the Drunken {Sailor}
61%
The BeatlesPaperback {Writer}
55%
The MarvelettesPlease Mr. {Postman}
54%
The Moody BluesI'm Just a {Singer} (In a Rock and Roll Band)
45%
Smokey RobinsonTears of a {Clown}
44%
Loretta Lynn{Coal} {Miner}'s Daughter
39%
The Beatles{Doctor} Robert
33%
IndeepLast Night a {D}.{J}. Saved My Life
32%
Paula ColeWhere Have All the {Cowboy}s Gone
28%
David Lee RothJust a {Gigolo}
20%
Elvis CostelloWatching the {Detective}s
16%
Chris BrownDon't {Judge} Me
15%
Neil YoungA Man Needs a {Maid}
9%

Score Distribution

Percentile by Number Answered

Percent of People with Each Score

Your Score History

You have not taken this quiz since the last reset